Autism / Mind and Brain (Record no. 5131)
[ view plain ]
| 000 -LEADER | |
|---|---|
| fixed length control field | 01535cam a22002054a 4500 |
| 005 - ΗΜΕΡΟΜΗΝΙΑ ΚΑΙ ΩΡΑ ΤΕΛΕΥΤΑΙΑΣ ΕΝΗΜΕΡΩΣΗΣ | |
| Πεδίο ελέγχου | 20250605164205.0 |
| 008 - FIXED-LENGTH DATA ELEMENTS--GENERAL INFORMATION | |
| Πεδίο ελέγχου σταθερού μήκους | 250528s ||||||||||||||||||||||||d |
| 035 ## - SYSTEM CONTROL NUMBER | |
| System control number | 19888 |
| 020 ## - ISBN | |
| ISBN | 198529244 |
| 040 ## - ΠΗΓΗ ΚΑΤΑΛΟΓΟΓΡΑΦΗΣΗΣ | |
| Φορέας πρωτότυπης καταλογογράφησης | MC Athens Campus Library |
| Γλώσσα καταλογογράφησης | Ελληνικά, Μοντέρνα (1453-) |
| Modifying agency | MC Athens Campus Library |
| Κανόνες περιγραφικής καταλογογράφησης | AACR2 |
| 245 1# - ΤΙΤΛΟΣ ΚΑΙ ΔΗΛΩΣΗ ΥΠΕΥΘΥΝΟΤΗΤΑΣ | |
| Τίτλος | Autism / Mind and Brain |
| 260 ## - PUBLICATION, DISTRIBUTION, ETC. | |
| Name of publisher, distributor, etc. | Oxford University Press, |
| Date of publication, distribution, etc. | 2004 |
| 300 ## - PHYSICAL DESCRIPTION | |
| Extent | 300 |
| 520 ## - SUMMARY, ETC. | |
| Summary, etc. | A comprehensive overview of currently conducted experiments, which are guided by bold theories that are being tested rigorously. Introduction, Understanding Autism: Insights from Mind and Brain, A Retrospective Analysis of the Clinical Case Records of ''Autistic Psychopaths'' , Identifying Neurocognitive Phenotypes in Autism, Why is Joint Attention a Pivotal Skill in Autism?, Does the Perception of Moving Eyes Trigger Reflexive Visual Orienting in Autism?, The Pathogenesis of Autism: Insights from Congenital Blindness, The Enactive Mind and or from Actions to Cognition: Lessons from Autism, The Systemizing Quotient: An Investigation of Adults with Asperger Syndrome or High-Functioning Autism and Normal Sex Differences, Towards an Understanding of the Mechanisms of Weak Central Coherence Effects: Experiments in Visual Configural Learning and Auditory Perception, Disentangling Weak Coherence and Executive Dysfunction: Planning Drawing in Autism and Attention-Deficit/ Hyperactivity Disorder, Autism and Movement Disturbance, Index. |
| 700 1# - ΠΡΟΣΘΕΤΗ ΑΝΑΓΡΑΦΗ--ΦΥΣΙΚΟ ΠΡΟΣΩΠΟ | |
| Personal name | Frith Uta |
| 9 (RLIN) | 6038 |
| 700 1# - ΠΡΟΣΘΕΤΗ ΑΝΑΓΡΑΦΗ--ΦΥΣΙΚΟ ΠΡΟΣΩΠΟ | |
| Personal name | Hill Elisabeth |
| 9 (RLIN) | 6039 |
| 942 ## - ADDED ENTRY ELEMENTS (KOHA) | |
| Koha item type | Books |
| Τύπος τεκμηρίου | Βιβλιοθήκη | Τρέχουσα τοποθεσία | Barcode | Αριθμός εισαγωγής | Ημερομηνία απόκτησης | Ταξιθετικό σύμβολο | Αριθμός αντιτύπου | Κατάσταση απόσυρσης | Κατάσταση χαμένου | Κατάσταση κατεστραμμένου | Μη δανεισμός | Σύνολο δανεισμών | Ημερομηνία τελευταίας εμφάνισης | Η τιμή ισχύει από |
|---|---|---|---|---|---|---|---|---|---|---|---|---|---|---|
| Books | MC Athens Campus Library | MC Athens Campus Library | 9780000051301 | 6060 | 05/06/2025 | 616.8982 FRI | 1 | 05/06/2025 | 05/06/2025 |